000 00510nam a22001697a 4500
999 _c62250
_d62250
005 20240904155541.0
008 240904c2004 enk||||| |||| 00| 0 eng d
022 _a0149 9246
041 _aeng
245 _aHastings International and Comparative Law Review :
_b2004 /
_cEditor C. Hervey.
260 _aCalifornia,
_c2004.
300 _aV.
653 _aსამართალი
653 _aპერიოდიკა
700 _aHervey, C.
_eრედაქტორი
_923159
942 _2udc
_cCR